000 00569nam a22001937a 4500
003 BD-DhJNU
005 20250422070241.0
008 250409b |||||||| |||| 00| 0 eng d
040 _aBD-DhJNU
_bENG
_cBD-DhJNU
_dBD-DhJNU
082 _223
_a304.6
100 _aPathak, K.B.
245 _aTechniques of demographic analysis /
_cK.B. Pathak and F. Ram
260 _aMumbai :
_bHimalaya Publishing House,
_c1998.
300 _a482 p. :
_bill. ;
_c20 cm.
504 _aincludes bibliographical reference
650 _aDemography
700 _aRam, F.
942 _2ddc
_cBK
_n0
999 _c1554
_d1554